[Event "45th Olympiad 2024"]
[Site "Budapest HUN"]
[Date "2024.09.15"]
[Round "5.1"]
[Board "4"]
[White "Mamedyarov, Shakhriyar"]
[Black "Vidit, Santosh Gujrathi"]
[Result "1/2-1/2"]
[WhiteTitle "GM"]
[BlackTitle "GM"]
[WhiteElo "2733"]
[BlackElo "2720"]
[WhiteTeam "Azerbaijan"]
[BlackTeam "India"]
[WhiteFideId "13401319"]
[BlackFideId "5029465"]
[EventDate "2024.09.11"]

1. Nf3 d5 2. g3 c5 3. Bg2 Nf6 4. O-O g6 5. d4 cxd4 6. Qxd4 Bg7 7. Rd1 Nc6 8. Qa4
O-O 9. Nc3 Bf5 10. Ne1 Qb6 11. Nxd5 Nxd5 12. Bxd5 Rad8 13. c3 Bd4 14. Bxf7+ Kxf7
15. cxd4 Rxd4 16. Rxd4 Nxd4 17. Nf3 Nxe2+ 18. Kg2 Nxc1 19. Rxc1 Qxb2 20. Rc7 Qf6
21. Rxb7 Kg8 22. Rxa7 Bd7 23. Qb3+ Be6 24. Qb7 Qf5 25. Ra8 Bd5 26. Rxf8+ Kxf8
27. Qb8+ Kf7 28. Qf4 e5 29. Qe3 g5 30. h3 h5 31. Qa7+ Kg6 32. Qa6+ Kg7 33. Qa7+
Qf7 34. Qe3 Qf6 35. g4 hxg4 36. hxg4 Bc6 37. Qc3 Kh6 38. Qb3 Be4 39. Qe3 Bc6 40.
Qb3 Kg7 41. Qc3 Kf8 42. a4 Ke8 43. a5 Kd7 44. Qd3+ Kc7 45. Qh7+ Kd6 46. Qd3+ Kc5
47. Qb3 Kd6 48. Qd3+ Kc7 49. Qh7+ Kc8 50. Qg8+ Kb7 51. Qb3+ Kc7 52. Qc3 Qf4 53.
Kf1 Qxf3 54. Qxe5+ Kb7 55. Qb2+ Kc8 56. Qh8+ Kd7 57. Qg7+ Ke6 58. Qg8+ Kf6 59.
Qh8+ Ke7 60. Qg7+ Kd6 61. Qg6+ Kc7 62. Qg7+ Bd7 63. Qxg5 Qd1+ 64. Kg2 Bc6+ 65.
Kg3 Qf3+ 66. Kh4 Qh1+ 67. Kg3 Qg2+ 68. Kf4 Qe4+ 69. Kg3 Qg2+ 70. Kf4 Qxf2+ 71.
Ke5 Qc5+ 72. Kf6 Qf8+ 73. Kg6 Be4+ 74. Kh5 Qf7+ 75. Kh4 Qf2+ 76. Kh5 Qh2+ 77.
Qh4 Qe5+ 78. Qg5 Qh2+ 79. Qh4 Qd6 80. Qf2 Qg6+ 81. Kh4 Qh6+ 82. Kg3 Qd6+ 83. Qf4
Qxf4+ 1/2-1/2

[Event "45th Olympiad 2024"]
[Site "Budapest HUN"]
[Date "2024.09.15"]
[Round "5.2"]
[Board "1"]
[White "Ivanchuk, Vasyl"]
[Black "Rapport, Richard"]
[Result "0-1"]
[WhiteTitle "GM"]
[BlackTitle "GM"]
[WhiteElo "2635"]
[BlackElo "2715"]
[WhiteTeam "Ukraine"]
[BlackTeam "Hungary"]
[WhiteFideId "14100010"]
[BlackFideId "738590"]
[EventDate "2024.09.11"]

1. d4 Nf6 2. c4 g6 3. Nc3 d5 4. Nf3 Bg7 5. Bf4 O-O 6. Rc1 Bg4 7. e3 c5 8. dxc5
Bxf3 9. Qxf3 Ne4 10. cxd5 Bxc3+ 11. bxc3 Qxd5 12. Rd1 Qe6 13. Rd4 Nxc5 14. Bc4
Qc6 15. Bd5 Qb5 16. a4 Nd3+ 17. Kd2 Qb2+ 18. Kxd3 Na6 19. Rc4 Rad8 20. Be5 e6
21. Qf6 Rxd5+ 22. Ke4 Rxe5+ 23. Kxe5 Qe2 24. Rd4 Nb8 25. Rd6 Qc4 26. Qf4 0-1

[Event "45th Olympiad 2024"]
[Site "Budapest HUN"]
[Date "2024.09.15"]
[Round "5.2"]
[Board "2"]
[White "Sjugirov, Sanan"]
[Black "Ponomariov, Ruslan"]
[Result "1/2-1/2"]
[WhiteTitle "GM"]
[BlackTitle "GM"]
[WhiteElo "2644"]
[BlackElo "2654"]
[WhiteTeam "Hungary"]
[BlackTeam "Ukraine"]
[WhiteFideId "4189302"]
[BlackFideId "14103320"]
[EventDate "2024.09.11"]

1. e4 e5 2. Nf3 Nc6 3. Bb5 Nf6 4. d3 Bc5 5. O-O Nd4 6. Nxd4 Bxd4 7. Nd2 O-O 8.
c3 Bb6 9. Nc4 d5 10. exd5 Qxd5 11. a4 Bc5 12. Re1 Ng4 13. Ne3 Bxe3 14. Bxe3 Qd6
15. h3 Nxe3 16. Rxe3 Be6 17. Qe2 c6 18. Bc4 Bxc4 19. dxc4 f6 20. Rd1 Qc7 21. f4
Rae8 22. c5 Re7 23. fxe5 Rxe5 24. Rxe5 Qxe5 25. Qxe5 fxe5 26. b4 a5 27. Rd7 Rf7
28. Rd8+ Rf8 29. Rd7 Rf7 30. Rd8+ Rf8 1/2-1/2

[Event "45th Olympiad 2024"]
[Site "Budapest HUN"]
[Date "2024.09.15"]
[Round "5.2"]
[Board "4"]
[White "Gledura, Benjamin"]
[Black "Onyshchuk, Volodymyr"]
[Result "1/2-1/2"]
[WhiteTitle "GM"]
[BlackTitle "GM"]
[WhiteElo "2628"]
[BlackElo "2610"]
[WhiteTeam "Hungary"]
[BlackTeam "Ukraine"]
[WhiteFideId "712779"]
[BlackFideId "14114038"]
[EventDate "2024.09.11"]

1. e4 c6 2. d4 d5 3. Nc3 dxe4 4. Nxe4 Nf6 5. Nxf6+ exf6 6. c3 Bd6 7. Bd3 O-O 8.
Ne2 Re8 9. O-O Na6 10. Qc2 g6 11. Bd2 Nc7 12. c4 Bd7 13. Rfe1 f5 14. Qb3 b6 15.
Bf4 Bxf4 16. Nxf4 Qf6 17. Qc3 Qd6 18. g3 Ne6 19. Nxe6 Bxe6 20. Be2 Rad8 21. Rad1
f4 22. Bf3 fxg3 23. hxg3 c5 24. dxc5 Qxc5 25. Bd5 Bxd5 26. Rxe8+ Rxe8 27. Rxd5
Qe7 28. b4 Qe4 29. a3 h5 30. Qd3 Qe7 31. Rd4 Qf6 32. Kg2 Re1 33. Rd8+ Kg7 34.
Qd4 Qxd4 35. Rxd4 Ra1 1/2-1/2

[Event "45th Olympiad 2024"]
[Site "Budapest HUN"]
[Date "2024.09.15"]
[Round "5.3"]
[Board "1"]
[White "Shirov, Alexei"]
[Black "Ding, Liren"]
[Result "1/2-1/2"]
[WhiteTitle "GM"]
[BlackTitle "GM"]
[WhiteElo "2666"]
[BlackElo "2736"]
[WhiteTeam "Spain"]
[BlackTeam "China"]
[WhiteFideId "2209390"]
[BlackFideId "8603677"]
[EventDate "2024.09.11"]

1. d4 Nf6 2. c4 e6 3. Nf3 d5 4. g3 Bb4+ 5. Bd2 Be7 6. Bg2 O-O 7. O-O c6 8. Bc3
dxc4 9. a4 b5 10. axb5 cxb5 11. Ne5 Nd5 12. Ba5 Qe8 13. b3 Nc6 14. bxc4 bxc4 15.
e4 Nf6 16. Nxc6 Qxc6 17. d5 Qd7 18. Nc3 Rb8 19. Qd4 exd5 20. exd5 Ba6 21. Rfd1
Bd6 22. Bd8 Rfxd8 23. Rxa6 Rb6 24. Rxb6 axb6 25. Qxc4 Bc5 26. Ne4 Nxe4 27. Bxe4
g6 28. Kg2 Qe7 29. Bf3 Kg7 30. Qc3+ Qf6 31. Qxf6+ Kxf6 32. Be2 Ke7 33. Ra1 Rxd5
34. Ra7+ Rd7 35. Rxd7+ Kxd7 36. Bc4 f6 37. f4 Kc6 38. h4 b5 39. Bg8 h6 40. g4 g5
41. fxg5 fxg5 42. hxg5 hxg5 43. Kf3 b4 44. Ke4 1/2-1/2

[Event "45th Olympiad 2024"]
[Site "Budapest HUN"]
[Date "2024.09.15"]
[Round "5.3"]
[Board "3"]
[White "Vallejo Pons, Francisco"]
[Black "Yu, Yangyi"]
[Result "1/2-1/2"]
[WhiteTitle "GM"]
[BlackTitle "GM"]
[WhiteElo "2657"]
[BlackElo "2703"]
[WhiteTeam "Spain"]
[BlackTeam "China"]
[WhiteFideId "2205530"]
[BlackFideId "8603820"]
[EventDate "2024.09.11"]

1. e4 e5 2. Nf3 Nc6 3. Nc3 Nf6 4. d4 exd4 5. Nxd4 Bb4 6. Nxc6 bxc6 7. Bd3 d5 8.
exd5 O-O 9. O-O cxd5 10. h3 Rb8 11. a3 Be7 12. b3 c5 13. Re1 Be6 14. Bf4 Bd6 15.
Qd2 Re8 16. Nb5 Bxf4 17. Qxf4 Re7 18. b4 a6 19. Nc3 cxb4 20. axb4 Reb7 21. Rxa6
Rxb4 22. Qd6 Qxd6 23. Rxd6 g6 24. Ra6 Nh5 25. Ne2 Nf4 26. Nxf4 Rxf4 27. g3 Rfb4
28. Kg2 Rb1 29. Ra1 Rxe1 30. Rxe1 Kg7 31. h4 1/2-1/2

[Event "45th Olympiad 2024"]
[Site "Budapest HUN"]
[Date "2024.09.15"]
[Round "5.3"]
[Board "4"]
[White "Bu, Xiangzhi"]
[Black "Santos Latasa, Jaime"]
[Result "1/2-1/2"]
[WhiteTitle "GM"]
[BlackTitle "GM"]
[WhiteElo "2693"]
[BlackElo "2624"]
[WhiteTeam "China"]
[BlackTeam "Spain"]
[WhiteFideId "8601445"]
[BlackFideId "2293307"]
[EventDate "2024.09.11"]

1. d4 Nf6 2. c4 e6 3. Nc3 Bb4 4. Nf3 d5 5. Qa4+ Nc6 6. e3 O-O 7. Qc2 Re8 8. Bd2
a6 9. a3 Bd6 10. h3 Bd7 11. Bd3 dxc4 12. Bxc4 h6 13. Ne4 e5 14. dxe5 Nxe5 15.
Nxd6 cxd6 16. Nxe5 dxe5 17. Qb3 Be6 18. Bxe6 Rxe6 19. Rd1 Rb6 20. Qc2 Qd5 21.
O-O Qe6 22. Ba5 Rc6 23. Qd3 Rc5 24. Bb4 Rd5 25. Qb3 Rxd1 26. Qxd1 Nd5 27. Qb3
Rd8 28. Rc1 Nf4 29. Qxe6 Nxe6 30. Kf1 f6 31. Ke2 Kf7 1/2-1/2

[Event "45th Olympiad 2024"]
[Site "Budapest HUN"]
[Date "2024.09.15"]
[Round "5.4"]
[Board "1"]
[White "Le, Quang Liem"]
[Black "Duda, Jan-Krzysztof"]
[Result "1/2-1/2"]
[WhiteTitle "GM"]
[BlackTitle "GM"]
[WhiteElo "2741"]
[BlackElo "2732"]
[WhiteTeam "Vietnam"]
[BlackTeam "Poland"]
[WhiteFideId "12401137"]
[BlackFideId "1170546"]
[EventDate "2024.09.11"]

1. d4 Nf6 2. c4 e6 3. Nf3 d5 4. Nc3 c5 5. cxd5 cxd4 6. Qxd4 exd5 7. Bg5 Be7 8.
e3 O-O 9. Be2 Nc6 10. Qd3 h6 11. Bh4 Qb6 12. O-O Rd8 13. Rfd1 Qxb2 14. Rab1 Qa3
15. Bxf6 Bxf6 16. Nxd5 Qxd3 17. Nxf6+ gxf6 18. Rxd3 Bf5 19. Rxd8+ Nxd8 20. Rb2
Rc8 21. h4 Rc1+ 22. Kh2 Rc2 23. Rxc2 Bxc2 24. Nd4 Bb1 25. Bc4 Nc6 26. Nxc6 bxc6
27. Kg3 Kf8 28. Kf4 Bc2 29. e4 c5 30. g4 Bd1 31. f3 Ke7 32. Ke3 Ba4 33. Kd2 Kf8
34. Bb3 Bb5 35. a4 Bf1 36. a5 Ke7 37. Bd1 Bc4 38. Be2 Be6 39. Kc3 Kd6 40. f4 Ke7
41. Kd2 Kd6 42. Ke3 Bb3 43. h5 Ke7 44. Kd2 Be6 45. Bd1 Bc8 46. Ke3 Bd7 47. Kf3
Be6 48. Ke3 1/2-1/2

[Event "45th Olympiad 2024"]
[Site "Budapest HUN"]
[Date "2024.09.15"]
[Round "5.4"]
[Board "2"]
[White "Wojtaszek, Radoslaw"]
[Black "Nguyen, Ngoc Truong Son"]
[Result "0-1"]
[WhiteTitle "GM"]
[BlackTitle "GM"]
[WhiteElo "2681"]
[BlackElo "2633"]
[WhiteTeam "Poland"]
[BlackTeam "Vietnam"]
[WhiteFideId "1118358"]
[BlackFideId "12401110"]
[EventDate "2024.09.11"]

1. d4 Nf6 2. c4 e6 3. Nf3 d5 4. Nc3 c5 5. cxd5 Nxd5 6. e4 Nxc3 7. bxc3 cxd4 8.
cxd4 Bb4+ 9. Bd2 Bxd2+ 10. Qxd2 O-O 11. Bc4 Nd7 12. O-O b6 13. d5 Nf6 14. Qf4
exd5 15. Rad1 Qd7 16. exd5 Qg4 17. Qc7 Qh5 18. Ne5 Bh3 19. Rfe1 Rac8 20. Qxa7
Bxg2 21. Kxg2 Ng4 22. Nf3 Rxc4 23. Qe7 Nf6 24. Qe2 Rf4 25. Ng1 Qf5 26. d6 Ne4
27. f3 Nc3 28. Qe7 Nxd1 29. d7 Qg6+ 30. Kf1 Qd3+ 31. Kg2 g6 32. Qxf8+ Kxf8 33.
Re8+ Kg7 34. d8=Q Qxd8 35. Rxd8 Nc3 36. Ra8 b5 37. Kf2 Rb4 38. Ke3 Rb2 39. a3
Rxh2 40. Kd3 Rg2 41. Kxc3 Rxg1 42. Ra5 Rf1 43. Rxb5 Rxf3+ 44. Kb4 h5 45. a4 h4
46. a5 h3 47. Rc5 Rf4+ 0-1

[Event "45th Olympiad 2024"]
[Site "Budapest HUN"]
[Date "2024.09.15"]
[Round "5.4"]
[Board "3"]
[White "Le, Tuan Minh"]
[Black "Bartel, Mateusz"]
[Result "1-0"]
[WhiteTitle "GM"]
[BlackTitle "GM"]
[WhiteElo "2564"]
[BlackElo "2618"]
[WhiteTeam "Vietnam"]
[BlackTeam "Poland"]
[WhiteFideId "12401153"]
[BlackFideId "1112635"]
[EventDate "2024.09.11"]

1. d4 Nf6 2. c4 e6 3. Nc3 Bb4 4. e3 d5 5. Nf3 O-O 6. Bd2 b6 7. cxd5 exd5 8. Bd3
Re8 9. Ne5 Bd6 10. f4 Ba6 11. Bxa6 Nxa6 12. O-O c5 13. Be1 cxd4 14. exd4 Nc7 15.
Bh4 Be7 16. Qb3 Qd6 17. a3 b5 18. Rf3 Qb6 19. Kh1 Rad8 20. Rd1 Nd7 21. Bf2 Nf6
22. h3 a6 23. f5 Bd6 24. Re1 Rb8 25. Qd1 b4 26. axb4 Bxb4 27. Bh4 Rbc8 28. Rfe3
Bxc3 29. bxc3 Qd6 30. Bxf6 Qxf6 31. Qh5 h6 32. h4 Rcd8 33. Ng4 Qd6 34. f6 Qf4
35. fxg7 Rxe3 36. Rxe3 Rb8 37. Nxh6+ Kxg7 38. Rg3+ 1-0

[Event "45th Olympiad 2024"]
[Site "Budapest HUN"]
[Date "2024.09.15"]
[Round "5.4"]
[Board "4"]
[White "Gumularz, Szymon"]
[Black "Tran, Tuan Minh"]
[Result "1-0"]
[WhiteTitle "GM"]
[BlackTitle "GM"]
[WhiteElo "2571"]
[BlackElo "2434"]
[WhiteTeam "Poland"]
[BlackTeam "Vietnam"]
[WhiteFideId "1188062"]
[BlackFideId "12401820"]
[EventDate "2024.09.11"]

1. c4 e5 2. g3 Nf6 3. Bg2 c6 4. Nf3 e4 5. Nd4 Qb6 6. Nb3 a5 7. d3 Bb4+ 8. Nc3 a4
9. Be3 c5 10. Nd2 a3 11. Rb1 exd3 12. bxa3 Rxa3 13. Nb5 Qa5 14. Nxa3 Qxa3 15.
O-O dxe2 16. Qxe2 O-O 17. Ne4 Nxe4 18. Bxe4 Nc6 19. Rb3 Qa4 20. Qc2 h6 21. a3
Ba5 22. Bxc5 d6 23. Be3 Ne5 24. Rc1 Be6 25. Rxb7 Qxa3 26. Bd5 Bxd5 27. cxd5 Nf3+
28. Kh1 Bd8 29. Kg2 Qa8 30. Qb3 Ne5 31. Ra7 1-0

[Event "45th Olympiad 2024"]
[Site "Budapest HUN"]
[Date "2024.09.15"]
[Round "5.5"]
[Board "1"]
[White "Yilmaz, Mustafa"]
[Black "Carlsen, Magnus"]
[Result "1/2-1/2"]
[WhiteTitle "GM"]
[BlackTitle "GM"]
[WhiteElo "2587"]
[BlackElo "2832"]
[WhiteTeam "Turkiye"]
[BlackTeam "Norway"]
[WhiteFideId "6302718"]
[BlackFideId "1503014"]
[EventDate "2024.09.11"]

1. d4 Nf6 2. c4 e6 3. Nf3 d5 4. Nc3 Nbd7 5. cxd5 exd5 6. Bg5 c6 7. e3 Qa5 8. Bd3
Ne4 9. Qc2 Nxg5 10. Nxg5 h6 11. Nf3 Bd6 12. O-O Nf6 13. Rae1 O-O 14. Ne5 a6 15.
f4 c5 16. Qf2 b5 17. Bb1 Bb7 18. g4 Qc7 19. h4 Ne4 20. Nxe4 dxe4 21. g5 f6 22.
gxf6 gxf6 23. Qg2+ Qg7 24. dxc5 Bxe5 25. fxe5 fxe5 26. Rxf8+ Rxf8 27. Rd1 b4 28.
Rd6 Qxg2+ 29. Kxg2 Rc8 30. Rb6 Bd5 31. Rxb4 Rxc5 32. Bxe4 Bxa2 33. Ra4 Bf7 34.
Rxa6 Rb5 35. Rxh6 Rxb2+ 36. Kf3 Rb4 37. Bf5 Kg7 38. Rh7+ Kf6 39. e4 Rb1 40. Rh6+
Kg7 41. Rh7+ Kg8 42. Rh6 Kg7 43. Rd6 Bh5+ 44. Kg3 Rb3+ 45. Kf2 Rf3+ 46. Kg2 Rf4
47. Kg3 Rf3+ 48. Kh2 Rf2+ 49. Kg1 Rf4 50. Rd7+ Kf6 51. Rd6+ Kf7 52. Rd7+ Kf6 53.
Rd6+ Kf7 54. Rd7+ 1/2-1/2

[Event "45th Olympiad 2024"]
[Site "Budapest HUN"]
[Date "2024.09.15"]
[Round "5.5"]
[Board "2"]
[White "Christiansen, Johan-Sebastian"]
[Black "Gurel, Ediz"]
[Result "1/2-1/2"]
[WhiteTitle "GM"]
[BlackTitle "GM"]
[WhiteElo "2661"]
[BlackElo "2602"]
[WhiteTeam "Norway"]
[BlackTeam "Turkiye"]
[WhiteFideId "1512668"]
[BlackFideId "44507356"]
[EventDate "2024.09.11"]

1. Nf3 d5 2. c4 e6 3. g3 Nf6 4. Bg2 Be7 5. O-O O-O 6. d3 c5 7. Ne5 Bd6 8. f4
Bxe5 9. fxe5 Ng4 10. Bf4 d4 11. Nd2 Ne3 12. Bxe3 dxe3 13. Nf3 Nc6 14. Qc1 Nd4
15. Nxd4 cxd4 16. Rf4 g5 17. Rf6 Qc7 18. Qf1 Qxe5 19. Qf3 h5 20. h3 Bd7 21. Rf1
Bc6 22. Qxh5 Qxg3 23. Rxe6 fxe6 24. Qg6+ Kh8 25. Qh6+ Kg8 26. Qg6+ Kh8 27. Qh6+
Kg8 28. Qg6+ 1/2-1/2

[Event "45th Olympiad 2024"]
[Site "Budapest HUN"]
[Date "2024.09.15"]
[Round "5.5"]
[Board "3"]
[White "Erdogmus, Yagiz Kaan"]
[Black "Tari, Aryan"]
[Result "0-1"]
[WhiteTitle "GM"]
[BlackTitle "GM"]
[WhiteElo "2592"]
[BlackElo "2642"]
[WhiteTeam "Turkiye"]
[BlackTeam "Norway"]
[WhiteFideId "44599790"]
[BlackFideId "1510045"]
[EventDate "2024.09.11"]

1. e4 e5 2. Nf3 Nc6 3. Bc4 Nf6 4. d3 Bc5 5. c3 d6 6. O-O a5 7. Re1 Ba7 8. Nbd2
Be6 9. Bb5 O-O 10. h3 Ne7 11. d4 Ng6 12. Nf1 exd4 13. cxd4 d5 14. e5 Ne4 15. Ng3
Nh4 16. Nxh4 Qxh4 17. Nxe4 dxe4 18. g3 Qxh3 19. Rxe4 Bd5 20. Bf1 Qe6 21. Rh4 f5
22. Qh5 Qg6 23. Qxg6 hxg6 24. Bg2 Bxg2 25. Kxg2 Rad8 26. Be3 Rd5 27. Rc1 c6 28.
Rc4 Kf7 29. Bg5 Rc8 30. a4 Rc7 31. b4 axb4 32. Rxb4 Rcd7 33. Be3 g5 34. Bxg5
Bxd4 35. f4 Bc5 36. Rb2 Rd2+ 37. Rxd2 Rxd2+ 38. Kf1 Rf2+ 39. Ke1 Ra2 40. Rh8
Rxa4 41. Rc8 Ke6 42. Rc7 b5 43. Rxc6+ Kd5 44. Rc8 b4 45. Kd2 Ra2+ 46. Kd3 Ra3+
47. Kd2 Be3+ 48. Kc2 Bd4 49. Rd8+ Ke4 50. Rb8 Rc3+ 51. Kd2 Be3+ 52. Ke2 Rc2+ 53.
Kd1 Rd2+ 54. Ke1 Rb2 55. Be7 Kf3 56. Rd8 b3 57. Ba3 Rh2 0-1

[Event "45th Olympiad 2024"]
[Site "Budapest HUN"]
[Date "2024.09.15"]
[Round "5.6"]
[Board "1"]
[White "Maghsoodloo, Parham"]
[Black "Rodrigue-Lemieux, Shawn"]
[Result "1-0"]
[WhiteTitle "GM"]
[BlackTitle "GM"]
[WhiteElo "2723"]
[BlackElo "2509"]
[WhiteTeam "Iran"]
[BlackTeam "Canada"]
[WhiteFideId "12539929"]
[BlackFideId "2620049"]
[EventDate "2024.09.11"]

1. c4 Nf6 2. Nc3 e6 3. e4 d5 4. cxd5 exd5 5. e5 d4 6. exf6 dxc3 7. fxg7 cxd2+ 8.
Bxd2 Bxg7 9. Bc4 O-O 10. Ne2 Nc6 11. O-O Bf5 12. Qc1 Ne5 13. Bg5 Qd6 14. Ng3 Bg6
15. Rd1 Qb6 16. Be3 Qc6 17. Be2 Qxc1 18. Raxc1 Nc6 19. h4 h6 20. h5 Bh7 21. b4
a6 22. a4 Rfd8 23. Rxd8+ Rxd8 24. Bxa6 Bb2 25. Rc5 Rd1+ 26. Kh2 Nxb4 27. Bxb7
Ra1 28. Rxc7 Kg7 29. Rc4 Nd3 30. Rg4+ Kh8 31. Rc4 Ne5 32. Rh4 Kg7 33. Bc8 Bc2
34. Nf5+ Kh7 35. Nxh6 Bxa4 36. Bf5+ Kg7 37. Rh3 Kf6 38. Rg3 Bc1 39. f4 Nc6 40.
Rg5 1-0

[Event "45th Olympiad 2024"]
[Site "Budapest HUN"]
[Date "2024.09.15"]
[Round "5.6"]
[Board "4"]
[White "Noritsyn, Nikolay"]
[Black "Idani, Pouya"]
[Result "1/2-1/2"]
[WhiteTitle "IM"]
[BlackTitle "GM"]
[WhiteElo "2451"]
[BlackElo "2599"]
[WhiteTeam "Canada"]
[BlackTeam "Iran"]
[WhiteFideId "2604922"]
[BlackFideId "12510130"]
[EventDate "2024.09.11"]

1. e4 c5 2. Nf3 d6 3. d4 cxd4 4. Qxd4 Nc6 5. Qd3 g6 6. Nc3 Bg7 7. Be2 Bg4 8. O-O
Nf6 9. Nd5 O-O 10. c3 Nd7 11. Bg5 h6 12. Bh4 Nc5 13. Qc2 g5 14. Bg3 f5 15. exf5
Bxf5 16. Qd1 e6 17. Ne3 d5 18. Rc1 Ne4 19. Qb3 Qe7 20. Nxf5 Rxf5 21. Bd3 Nc5 22.
Qd1 Nxd3 23. Qxd3 Rd8 24. Rfe1 Qf6 25. Qb5 Qf7 26. Nd2 h5 27. f3 h4 28. Bf2 h3
29. gxh3 d4 30. Qe2 dxc3 31. bxc3 Ne5 32. Bd4 Ng6 33. Qxe6 Nf4 34. Qxf7+ Kxf7
35. Re4 Ra5 36. Rc2 Bxd4+ 37. cxd4 Rxd4 38. Rxd4 Ne2+ 39. Kf2 Nxd4 40. Rb2 b6
41. Nb3 Nxb3 42. axb3 Rb5 43. Rc2 a5 44. Rc3 Rb4 45. Re3 Kf6 46. Kg2 Kf5 47. Kg3
Kf6 48. Kf2 Kf5 49. Kg3 b5 50. Rc3 Ke6 51. Rc6+ Ke5 52. Ra6 Rxb3 53. Rxa5 Rb4
54. Ra8 Rc4 55. Rg8 Kf6 56. Rf8+ Kg6 57. Rg8+ Kh6 58. Rh8+ Kg7 59. Rb8 b4 60.
Rb6 1/2-1/2

[Event "45th Olympiad 2024"]
[Site "Budapest HUN"]
[Date "2024.09.15"]
[Round "5.7"]
[Board "1"]
[White "Peralta, Fernando"]
[Black "Caruana, Fabiano"]
[Result "0-1"]
[WhiteTitle "GM"]
[BlackTitle "GM"]
[WhiteElo "2558"]
[BlackElo "2798"]
[WhiteTeam "Argentina"]
[BlackTeam "United States of America"]
[WhiteFideId "105309"]
[BlackFideId "2020009"]
[EventDate "2024.09.11"]

1. d4 Nf6 2. c4 e6 3. Nc3 Bb4 4. e3 b6 5. Ne2 Ne4 6. Qc2 Bb7 7. h4 O-O 8. a3
Bxc3+ 9. Nxc3 Nxc3 10. Qxc3 d5 11. b3 Nd7 12. Bb2 f5 13. f3 Qe7 14. O-O-O c5 15.
h5 h6 16. Kb1 Rac8 17. dxc5 Rxc5 18. Qd4 e5 19. Qh4 Nf6 20. Qg3 dxc4 21. Bxc4+
Bd5 22. Rc1 Bxc4 23. Rxc4 Rxc4 24. bxc4 Re8 25. Qg6 Qd7 26. Ka1 Nh7 27. Rc1 Nf8
28. Qg3 Qd2 29. c5 bxc5 30. Rxc5 f4 0-1

[Event "45th Olympiad 2024"]
[Site "Budapest HUN"]
[Date "2024.09.15"]
[Round "5.7"]
[Board "2"]
[White "So, Wesley"]
[Black "Krysa, Leandro"]
[Result "1-0"]
[WhiteTitle "GM"]
[BlackTitle "GM"]
[WhiteElo "2752"]
[BlackElo "2495"]
[WhiteTeam "United States of America"]
[BlackTeam "Argentina"]
[WhiteFideId "5202213"]
[BlackFideId "116807"]
[EventDate "2024.09.11"]

1. e4 e5 2. Nf3 Nc6 3. Bb5 a6 4. Ba4 Nf6 5. d3 d6 6. c3 Be7 7. O-O O-O 8. Re1
Re8 9. Nbd2 Bf8 10. Nf1 h6 11. Ng3 b5 12. Bb3 a5 13. d4 a4 14. Bc2 Bg4 15. Bd3
Rb8 16. Qe2 b4 17. Bb5 Bd7 18. d5 Nd4 19. Nxd4 exd4 20. Bxd7 Qxd7 21. cxd4 Nxd5
22. Bd2 Nf6 23. Qf3 Qg4 24. Qxg4 Nxg4 25. f3 Nf6 26. d5 g6 27. Rac1 Nd7 28. Rxc7
Nc5 29. Rd1 Bg7 30. Bf4 Bxb2 31. Bxd6 b3 32. Rxc5 bxa2 33. Bxb8 Bd4+ 34. Kf1
Bxc5 35. Be5 Rxe5 36. Ra1 a3 37. Rxa2 Re8 38. Ke2 Bd6 39. Kd3 Rb8 40. Nf1 f5 41.
Nd2 Kg7 42. Kd4 fxe4 43. fxe4 Rb2 44. Rxb2 axb2 45. Kc3 Bf4 46. Nb1 Bxh2 47.
Kxb2 h5 48. Nd2 g5 49. Nf3 Bf4 50. Kc3 g4 51. Nh4 Kf6 52. Nf5 Ke5 53. Kd3 Bg5
54. g3 Bd8 55. Ne3 Kd6 56. Nf5+ Ke5 57. Ne3 Kd6 58. Ng2 Bf6 59. Nf4 h4 60. gxh4
Bxh4 61. Ng2 Bf2 62. Ne3 g3 63. Ke2 Ke5 64. Kf3 Be1 65. Ng4+ Kd4 66. Ne3 Ke5 67.
Ng2 Bd2 68. Nh4 Be1 69. Ng6+ Kd6 70. Nf4 Bd2 71. Nd3 Bc3 72. Kxg3 Bd4 73. Kf3
Bg7 74. Ke3 Bf6 75. Kd2 Bd4 76. Kc2 Bg7 77. Kb3 Bf6 78. Kc4 Bg7 79. e5+ Kd7 80.
Nc5+ 1-0

[Event "45th Olympiad 2024"]
[Site "Budapest HUN"]
[Date "2024.09.15"]
[Round "5.7"]
[Board "3"]
[White "Flores, Diego"]
[Black "Dominguez Perez, Leinier"]
[Result "1-0"]
[WhiteTitle "GM"]
[BlackTitle "GM"]
[WhiteElo "2546"]
[BlackElo "2748"]
[WhiteTeam "Argentina"]
[BlackTeam "United States of America"]
[WhiteFideId "108049"]
[BlackFideId "3503240"]
[EventDate "2024.09.11"]

1. c4 e6 2. Nf3 d5 3. d4 Nf6 4. Bg5 dxc4 5. Qa4+ Nbd7 6. e4 Be7 7. Nc3 c5 8.
dxc5 O-O 9. Qxc4 h6 10. Bh4 b5 11. cxb6 Qxb6 12. Be2 Qxb2 13. O-O Nb6 14. Qd4
Rd8 15. Nd5 Qxd4 16. Nxe7+ Kf8 17. Nxd4 Rxd4 18. Nxc8 Rxc8 19. f3 Rc2 20. Rf2 g5
21. Bf1 Rc5 22. Bg3 Nbd7 23. Rb2 Rc8 24. Bf2 Ra4 25. Bb5 Ra3 26. Be1 a5 27. Rd1
Ne5 28. Bg3 Rc5 29. Bf2 Rc8 30. Bd4 Nfd7 31. Bxd7 Nxd7 32. Rb7 Rxa2 33. Rxd7
Rcc2 34. Rd8+ Ke7 35. Be5 1-0

[Event "45th Olympiad 2024"]
[Site "Budapest HUN"]
[Date "2024.09.15"]
[Round "5.7"]
[Board "4"]
[White "Aronian, Levon"]
[Black "Sosa, Tomas ARG"]
[Result "1-0"]
[WhiteTitle "GM"]
[BlackTitle "GM"]
[WhiteElo "2729"]
[BlackElo "2515"]
[WhiteTeam "United States of America"]
[BlackTeam "Argentina"]
[WhiteFideId "13300474"]
[BlackFideId "121576"]
[EventDate "2024.09.11"]

1. e4 e5 2. Nf3 Nc6 3. Bc4 d6 4. d4 Nf6 5. dxe5 dxe5 6. Qxd8+ Nxd8 7. Nc3 Bd6 8.
Bg5 c6 9. a4 Ne6 10. O-O-O Bc7 11. Bh4 Nh5 12. Ne2 f6 13. Nd2 Nc5 14. f3 g5 15.
Bf2 Nxa4 16. g4 Nf4 17. Nxf4 gxf4 18. Bb3 Nb6 19. Bh4 Rf8 20. g5 fxg5 21. Bxg5
Nd7 22. Nc4 Nc5 23. Nd6+ Bxd6 24. Rxd6 Nxb3+ 25. cxb3 Kf7 26. Rh6 Rg8 27. h4 Rg6
28. Rxh7+ Rg7 29. Rh8 Rg8 30. Rxg8 Kxg8 31. Bf6 Be6 32. Rg1+ Kh7 33. Rg7+ Kh6
34. Rxb7 Rg8 35. Bxe5 Rg1+ 36. Kd2 Rg2+ 37. Ke1 Rc2 38. Bxf4+ Kh5 39. Rh7+ Kg6
40. Rh6+ Kf7 41. Be5 Bxb3 42. h5 Rc5 43. Bd4 Rc2 44. Rf6+ Kg8 45. h6 Kh7 46. Rd6
c5 47. Be3 Rh2 48. Rd7+ Kg6 49. Rg7+ Kf6 50. Rxa7 Bc4 51. h7 Bf7 52. Ra6+ Kg7
53. Rh6 Rxh6 54. Bxh6+ Kxh7 55. Be3 c4 56. Kf2 Bh5 57. Kg3 Kg7 58. f4 Kf6 59.
Bd4+ Ke6 60. f5+ Kd6 61. Kf4 Bd1 62. Bc3 Bc2 63. e5+ Kd5 64. Kg5 Bd1 65. e6 Kd6
66. Kf6 Bg4 67. Bb4+ Kc6 68. Ke5 1-0